| 000 | 00770nam a2200253Ia 4500 | ||
|---|---|---|---|
| 003 | OSt | ||
| 005 | 20221005043700.0 | ||
| 006 | a|||||r|||| 00| 0 | ||
| 007 | ta | ||
| 008 | 221004b |||||||| |||| 00| 0 eng d | ||
| 020 |
_a9780670090860 (hbk) _cINR 499.00 |
||
| 024 | _a44006 | ||
| 037 |
_b3943, 20/02/2019, Govinda Book House _cTextual |
||
| 040 |
_aCRL _cCRL _beng |
||
| 041 |
_2eng _aeng |
||
| 082 | _aNR44wN31, Q8 | ||
| 100 |
_aKhan Ghulam Mustafa Au. _9591809 |
||
| 245 | 0 | _aDream i lived alone | |
| 260 |
_aGurgaon _bPenguin Random House India _c2018 |
||
| 300 |
_a197p. _ccm. |
||
| 650 |
_aMUSIC _917402 |
||
| 942 |
_hNR44wN31, Q8 _cTEXL _2cc |
||
| 999 |
_c952260 _d952260 |
||